[Event "Winnipeg TNT March op"]
[Site "Winnipeg"]
[Date "2006.03.21"]
[Round "3"]
[White "Trueman, Francis"]
[Black "Falade, Davidson"]
[Result "0-1"]
[WhiteElo "1464"]
[BlackElo "1588"]
[PlyCount "45"]
[EventDate "2006.03.07"]
[EventType "swiss"]
[EventRounds "4"]
[EventCountry "CAN"]
[SourceTitle "EXT 2007"]
[Source "ChessBase"]
[SourceDate "2006.11.23"]
[SourceVersion "1"]
[SourceVersionDate "2006.11.23"]
[SourceQuality "1"]

1. Nf3 e6 2. d3 Nc6 3. Nbd2 e5 4. e4 d5 5. c4 g6 6. g3 Bg7 7. Bg2 Nf6 8. 0-0 Bg4 9. h3 Be6 10. Nh2 Qe7 11. g4 h5 12. Bf3 hxg4 13. Bxg4 Bxg4 14. hxg4 0-0-0 15. f4 Rdf8 16. f5 Rh6 17. Ndf3 Rfh8 18. Bd2 gxf5 19. gxf5 Qe8 20. b4 a6 21. a4 Qg8 22. Rf2 Ng4 23. Rg2 0-1

[Event "Winnipeg TNT January op"]
[Site "Winnipeg"]
[Date "2006.01.03"]
[Round "1"]
[White "Gibbons, Lorne"]
[Black "Falade, Davidson"]
[Result "0-1"]
[WhiteElo "1306"]
[BlackElo "1720"]
[PlyCount "71"]
[EventDate "2006.01.03"]
[EventType "swiss"]
[EventRounds "5"]
[EventCountry "CAN"]
[SourceTitle "EXT 2007"]
[Source "ChessBase"]
[SourceDate "2006.11.23"]
[SourceVersion "1"]
[SourceVersionDate "2006.11.23"]
[SourceQuality "1"]

1. d4 d5 2. c4 dxc4 3. Nc3 e6 4. e4 Nc6 5. Nf3 Bb4 6. Bxc4 Nf6 7. Bg5 h6 8. Bxf6 Qxf6 9. 0-0 0-0 10. e5 Qf4 11. Ne2 Qg4 12. h3 Qe4 13. Ng3 Qh7 14. Bd3 g6 15. Nh5 Be7 16. Qc2 Rd8 17. Qc4 Qh8 18. Ng3 Qg7 19. Rfe1 Nb4 20. Be4 c6 21. Ne2 b5 22. Qc3 Bb7 23. a3 Nd5 24. Qd3 a5 25. Nc3 f5 26. Bxd5 exd5 27. Nxb5 Ba6 28. a4 Rdb8 29. Qb3 cxb5 30. Qxd5+ Kh8 31. e6 b4 32. Qxa5 Bb7 33. Qe5 Bf6 34. Qe3 Bxf3 35. Qxf3 Bxd4 36. b3 0-1